000 02827cam a22006494i 4500
003 PE-LiUPU
005 20250731180114.0
008 071015s2013 sp 000 0 spa d
020 _a9788499588681
035 _a(Sirsi) i9788499588681
035 _a(OCoLC)863509926
_z(OCoLC)935745141
040 _aESLEO
_bspa
_cESLEO
_dBNM
_dI8M
_dOCLCO
_dOCLCF
_dOCLCQ
_dOCLCO
_dESSAL
_dPE-LiUPU
_erda
049 _aPRUA
050 4 _aQP514.2
_b.R63 2013
082 0 4 _a540
_bR76
_221
100 1 _aRodríguez Yunta, María Josefa,
_eautor.
245 1 0 _aProblemas de química para estudiantes de biología /
_cMa. Josefa Rodríguez Yunta [y otros tres más].
264 1 _aMadrid :
_bSíntesis,
_c2013.
300 _a276 páginas ;
_c24 centímetros.
336 _atext
_2rdacontent
337 _aunmediated
_2rdamedia
338 _avolume
_2rdacarrier
490 1 _aBiblioteca de químicas ;
_v38
505 0 _aReacciones ácido-base -- Reacciones redox -- Cinética -- Formulación de los compuestos orgánicos -- Estructura de los componentes orgánicos -- Estereoquímica y análisis conformacional -- Reactividad de los compuestos orgánicos -- Moléculas orgánicas en la naturaleza -- Soluciones a los problemas propuestos.
526 _aSEG44
526 _aSEG26
526 _aP159
526 _aP155
526 _aP154
526 _aP153
526 _aP150
526 _aP100
526 _aP31
526 _aP30
526 _aP26
526 _aP25
526 _aP24
526 _aP22
526 _aP15
526 _aP10
541 _g022-00000049;
650 7 _aBiqoquímica.
_2embne
650 0 4 _aQuímica
_vProblemas y ejercicios.
650 7 _aBiochemistry.
_2embne
650 0 _aBiochemistry
_vProblems, exercises, etc.
700 1 _aCampoy Pérez, Lucrecia,
_eautor.
700 1 _aCano Benjumea, Ma. del Carmen,
_eautor.
700 1 _aSanz Plaza, Ana Ma.,
_eautor.
910 _adbm
_bncf
_cncf
_d20180518
942 _2ddc
_cBOOK
949 _a540 R76
_wDEWEY
_c1
_i78625
_lCATALOGIN
_mBUL
_p23.22
_r0
_sY
_tBOOK
_u2018-05-18
_xINGENIERIA
_PP24
_0COMPRA
_o.STAFF. Colección Ingeniería y Arquitectura
949 _a540 R76
_wDEWEY
_c2
_i78626
_lCATALOGIN
_mBUL
_p23.22
_r0
_sY
_tBOOK
_u2018-05-18
_xINGENIERIA
_PP24
_0COMPRA
_o.STAFF. Colección Ingeniería y Arquitectura
994 _aC0
_bPEPRU
596 _a1
999 _a540 R76
_wDEWEY
_c27542
_i78625
_f2021-11-5
_g4
_lCCODEBUL1
_mBUL
_p23.22
_r0
_sY
_tBOOK
_u2018-5-18
_xBIBLIOTECA
_PP24
_0COMPRA
_o.STAFF. Colección Ingeniería y Arquitectura
_d27542
999 _a540 R76
_wDEWEY
_c2
_i78626
_d2018-5-28
_f2021-11-5
_g4
_lCCODEBUL1
_mBUL
_p23.22
_q1
_r0
_sY
_tBOOK
_u2018-5-21
_xBIBLIOTECA
_PP24
_0COMPRA
_o.STAFF. Colección Ingeniería y Arquitectura
980 _81
_gALBERTO SANCHEZ Responsable de Automatización